000
00295nam a2200121Ia 4500
008
250327s9999 xx 000 0 und d
020
_a
9780691017068
082
_b
RAY
_a
CQR
100
_a
DEBRAJ RAY
_9
34137
245
0
_a
DEVELOPMENT ECONOMICS
260
_b
PRINCETON UNIVERSITY PRESS
942
_c
BK
999
_c
6820
_d
6820